[Event "21st ch-EUR Indiv w 2021"]
[Site "Iasi ROU"]
[Date "2021.08.17"]
[Round "8.14"]
[White "Sedina, Elena"]
[Black "Sargsyan, Anna M."]
[Result "0-1"]
[WhiteTitle "IM"]
[BlackTitle "WGM"]
[WhiteElo "2279"]
[BlackElo "2388"]
[WhiteFideId "812153"]
[BlackFideId "13308130"]
[EventDate "2021.08.09"]

1. e4 e5 2. Nf3 Nc6 3. Bc4 Bc5 4. O-O Nf6 5. d3 a6 6. Re1 d6 7. c3 Ba7 8. Bb3
O-O 9. h3 h6 10. Nbd2 Be6 11. Nf1 Re8 12. Be3 d5 13. exd5 Bxd5 14. Bc2 Qd7 15.
Ng3 Bxe3 16. Rxe3 Rad8 17. Qe1 Bxf3 18. Rxf3 Ne7 19. Qxe5 Ng6 20. Qa5 b6 21. Qa3
Nd5 22. Qa4 b5 23. Qb3 Nh4 24. Bd1 Re1+ 25. Kh2 Nxf3+ 26. Bxf3 Rxa1 27. d4 Qe6
28. Ne4 Nf6 0-1

[Event "21st ch-EUR Indiv w 2021"]
[Site "Iasi ROU"]
[Date "2021.08.17"]
[Round "8.15"]
[White "Garifullina, Leya"]
[Black "Rozman, Monika"]
[Result "1-0"]
[WhiteTitle "WGM"]
[BlackTitle "WFM"]
[WhiteElo "2385"]
[BlackElo "2122"]
[WhiteFideId "34127035"]
[BlackFideId "14609118"]
[EventDate "2021.08.09"]

1. e4 e5 2. Nf3 Nc6 3. Bb5 a6 4. Ba4 Nf6 5. O-O Be7 6. Re1 b5 7. Bb3 d6 8. c3
O-O 9. h3 Nb8 10. d4 Nbd7 11. Nbd2 Bb7 12. Bc2 Re8 13. Nf1 Bf8 14. Ng3 g6 15. a4
Bg7 16. Bd3 d5 17. Bg5 dxe4 18. Bxe4 c6 19. dxe5 Nxe5 20. Qxd8 Raxd8 21. axb5
axb5 22. Nxe5 Rxe5 23. f4 Ree8 24. Ra7 Rd7 25. Kh2 Nd5 26. Bf5 Rxe1 27. Bxd7 f6
28. Bh4 Nxf4 29. Rxb7 g5 30. Nh5 gxh4 31. Nxf4 Bh6 32. Nh5 Be3 33. Be6+ Kf8 34.
Rf7+ Ke8 35. Nxf6+ Kd8 36. Rd7+ Kc8 37. Rd1+ Kc7 38. Rxe1 1-0

[Event "21st ch-EUR Indiv w 2021"]
[Site "Iasi ROU"]
[Date "2021.08.17"]
[Round "8.16"]
[White "Agrest, Inna"]
[Black "Badelka, Olga"]
[Result "0-1"]
[WhiteTitle "WIM"]
[BlackTitle "IM"]
[WhiteElo "2281"]
[BlackElo "2418"]
[WhiteFideId "1708830"]
[BlackFideId "13509926"]
[EventDate "2021.08.09"]

1. e4 e5 2. Nf3 Nc6 3. Bb5 Nf6 4. O-O Nxe4 5. d4 Nd6 6. dxe5 Nxb5 7. a4 d6 8. e6
Bxe6 9. axb5 Ne5 10. Nd4 Be7 11. Nc3 Bd7 12. f4 Ng4 13. Nd5 O-O 14. f5 Nf6 15.
Nxe7+ Qxe7 16. Ra3 Rfe8 17. Rg3 Kh8 18. Bg5 c5 19. bxc6 bxc6 20. Re3 Qf8 21. Rh3
Ne4 22. Qh5 h6 23. Bc1 Nf6 24. Qf3 c5 25. Ne2 Bb5 26. Rf2 Re4 27. Bg5 Rae8 28.
Ng3 Re1+ 29. Nf1 Ne4 30. Bxh6 gxh6 31. Qf4 Nxf2 32. Rxh6+ Kg8 33. c4 Bxc4 0-1

[Event "21st ch-EUR Indiv w 2021"]
[Site "Iasi ROU"]
[Date "2021.08.17"]
[Round "8.17"]
[White "Bulmaga, Irina"]
[Black "Sandu, Mihaela"]
[Result "1/2-1/2"]
[WhiteTitle "IM"]
[BlackTitle "WGM"]
[WhiteElo "2413"]
[BlackElo "2263"]
[WhiteFideId "13903063"]
[BlackFideId "1204327"]
[EventDate "2021.08.09"]

1. e4 c5 2. c3 Nf6 3. e5 Nd5 4. Nf3 e6 5. d4 cxd4 6. cxd4 d6 7. Bc4 Be7 8. O-O
O-O 9. Qe2 Nd7 10. a3 b6 11. Bxd5 exd5 12. Nc3 dxe5 13. Nxe5 Bb7 14. Bf4 Nxe5
15. Bxe5 Re8 16. Qg4 f6 17. Bf4 Bf8 18. Rfe1 Qc8 19. Qg3 Qd7 20. h3 Rac8 21.
Rac1 Ba6 22. Qf3 Bc4 23. Rxe8 Rxe8 24. Qd1 Qf5 25. Bg3 Qd7 26. b3 Ba6 27. Qf3
Rc8 28. b4 Bc4 29. Nd1 a5 30. bxa5 bxa5 31. Rc3 a4 32. Ne3 Bb3 33. Rxc8 Qxc8 34.
Nxd5 Qc4 35. Nc7 Qxd4 36. Qa8 Qd7 37. Qb8 Bf7 38. Nb5 Qe8 39. Qb6 Bd5 40. Nd6
Qe6 41. Qd8 Bc6 42. Kh2 h5 43. h4 Qd5 44. f3 Qe6 45. Nf5 Qd7 46. Qb8 Qb7 47.
Qxb7 Bxb7 48. Bd6 Bc8 49. Ne7+ Bxe7 1/2-1/2

[Event "21st ch-EUR Indiv w 2021"]
[Site "Iasi ROU"]
[Date "2021.08.17"]
[Round "8.18"]
[White "Salimova, Nurgyul"]
[Black "Zherebtsova, Alexandra"]
[Result "1/2-1/2"]
[WhiteTitle "IM"]
[BlackTitle "WFM"]
[WhiteElo "2382"]
[BlackElo "2188"]
[WhiteFideId "2915138"]
[BlackFideId "24129518"]
[EventDate "2021.08.09"]

1. d4 d5 2. Nf3 Nf6 3. c4 e6 4. g3 dxc4 5. Bg2 Nc6 6. O-O Rb8 7. Nc3 a6 8. e4
Be7 9. d5 Nb4 10. Ne5 exd5 11. exd5 Bf5 12. a3 Nd3 13. Nxc4 Nxc1 14. Rxc1 O-O
15. b4 Re8 16. Qd4 Bf8 17. Rfd1 Bg4 18. Re1 Bh5 19. Qa7 Rxe1+ 20. Rxe1 Ne8 21.
Ne4 Nd6 22. Nexd6 cxd6 23. Qe3 Qc7 24. Nb6 Bg4 25. Rc1 Qd8 26. a4 g6 27. a5 Bg7
28. Rc4 Bf5 29. h4 h5 30. Be4 Bg4 31. Bf3 Bf5 32. Be4 Bg4 33. Qc1 Qf6 34. Kg2
Re8 35. Qc2 Re5 36. Rc7 Bf5 37. Bxf5 Rxf5 38. Rxb7 Qd4 39. Rb8+ Kh7 40. b5 Qa1
41. bxa6 Qxa5 42. Qd3 Qa2 43. Qe3 Qxa6 44. Re8 Qa2 45. Re4 Bh6 1/2-1/2

[Event "21st ch-EUR Indiv w 2021"]
[Site "Iasi ROU"]
[Date "2021.08.17"]
[Round "8.19"]
[White "Fataliyeva, Ulviyya"]
[Black "Brunello, Marina"]
[Result "1-0"]
[WhiteTitle "WGM"]
[BlackTitle "IM"]
[WhiteElo "2253"]
[BlackElo "2379"]
[WhiteFideId "13403052"]
[BlackFideId "822590"]
[EventDate "2021.08.09"]

1. d4 d5 2. c4 c6 3. Nf3 Nf6 4. Qb3 dxc4 5. Qxc4 Bf5 6. g3 e6 7. Bg2 Nbd7 8. O-O
Be7 9. e3 O-O 10. Rd1 Qc7 11. Nc3 e5 12. h3 Rfe8 13. g4 Be6 14. Qe2 Rad8 15. e4
exd4 16. Nxd4 Nf8 17. g5 N6d7 18. f4 f6 19. h4 Bc5 20. Be3 Bf7 21. Qf2 Bg6 22.
Rac1 Qb8 23. Na4 Bd6 24. Nf5 Bc7 25. b4 a6 26. Nc5 Kh8 27. Rf1 a5 28. Bd4 axb4
29. Qb2 Bxf5 30. gxf6 Ne6 31. f7 Ndxc5 32. fxe8=Q+ Rxe8 33. Rxc5 Bg4 34. Bxg7+
Kg8 35. Bd4 Nxc5 36. Bxc5 Bxf4 37. Qf6 Qe5 38. Qxf4 Qxc5+ 39. Kh1 Be6 40. Bh3 1-0

[Event "21st ch-EUR Indiv w 2021"]
[Site "Iasi ROU"]
[Date "2021.08.17"]
[Round "8.20"]
[White "Balajayeva, Khanim"]
[Black "Gevorgyan, Maria"]
[Result "1-0"]
[WhiteTitle "WGM"]
[BlackTitle "WGM"]
[WhiteElo "2376"]
[BlackElo "2232"]
[WhiteFideId "13406396"]
[BlackFideId "13300270"]
[EventDate "2021.08.09"]

1. e4 c5 2. Nf3 Nc6 3. Bb5 g6 4. O-O Bg7 5. Re1 Nf6 6. e5 Nd5 7. Nc3 Nc7 8. Bxc6
dxc6 9. Ne4 b6 10. Nf6+ Bxf6 11. exf6 e6 12. d4 cxd4 13. Nxd4 c5 14. Nc6 Qxd1
15. Rxd1 Bb7 16. Ne5 O-O 17. Bf4 Nd5 18. Bh6 Rfc8 19. Ng4 Rc7 20. c4 Nb4 21. Bf4
h5 22. Nh6+ Kh7 23. Bxc7 Kxh6 24. Rd7 Ba6 25. Rxf7 Bxc4 26. b3 Bb5 27. h4 g5 28.
Rg7 1-0

[Event "21st ch-EUR Indiv w 2021"]
[Site "Iasi ROU"]
[Date "2021.08.17"]
[Round "8.21"]
[White "Sieber, Fiona"]
[Black "Radeva, Viktoria"]
[Result "1/2-1/2"]
[WhiteTitle "WIM"]
[BlackTitle "WGM"]
[WhiteElo "2254"]
[BlackElo "2372"]
[WhiteFideId "12902373"]
[BlackFideId "2915405"]
[EventDate "2021.08.09"]

1. e4 c5 2. Nf3 e6 3. d4 cxd4 4. Nxd4 a6 5. g3 d5 6. Nb3 dxe4 7. Qxd8+ Kxd8 8.
N1d2 f5 9. f3 exf3 10. Nxf3 Bd6 11. Bg5+ Nf6 12. O-O-O Kc7 13. Bg2 Nc6 14. c4
Bd7 15. c5 Be7 16. Bf4+ Kc8 17. Ne5 Nxe5 18. Bxe5 Bc6 19. Bxc6 bxc6 20. Bxf6
Bxf6 21. Rd6 e5 22. Rhd1 a5 23. Rxc6+ Kb7 24. Rb6+ Kc7 25. a4 e4 26. Rdd6 Rhe8
27. Rbc6+ Kb7 28. Re6 Rxe6 29. Rxe6 Kc7 30. Kc2 Rb8 31. Ra6 Rb4 32. Ra7+ Kd8 33.
Rxa5 e3 34. Nc1 Rxb2+ 35. Kd3 Bg5 36. Ra8+ Kd7 37. Ra7+ Kc6 38. Rxg7 Rd2+ 39.
Kc4 Rc2+ 40. Kd3 Rd2+ 41. Kc4 Rc2+ 42. Kd3 Rd2+ 43. Kc4 1/2-1/2

[Event "21st ch-EUR Indiv w 2021"]
[Site "Iasi ROU"]
[Date "2021.08.17"]
[Round "8.22"]
[White "Gaboyan, Susanna"]
[Black "Kulon, Klaudia"]
[Result "1/2-1/2"]
[WhiteTitle "WIM"]
[BlackTitle "IM"]
[WhiteElo "2215"]
[BlackElo "2363"]
[WhiteFideId "13303627"]
[BlackFideId "1131044"]
[EventDate "2021.08.09"]

1. Nf3 d5 2. g3 c5 3. Bg2 Nc6 4. d4 cxd4 5. Nxd4 e5 6. Nxc6 bxc6 7. c4 Nf6 8.
Nc3 e4 9. Bg5 Be6 10. Qa4 Bd7 11. Bxf6 Qxf6 12. O-O Qd4 13. Rfd1 Qxc4 14. Qxc4
dxc4 15. Nxe4 Rb8 16. Rd2 Be7 17. h4 h6 18. b3 cxb3 19. axb3 Rb7 20. Rad1 Rc7
21. Rxd7 Rxd7 22. Nf6+ Bxf6 23. Bxc6 O-O 24. Rxd7 Re8 25. e3 Re7 26. Rd8+ Kh7
27. Ra8 g6 28. b4 Bc3 29. b5 f5 30. Kg2 h5 31. Rd8 Ba5 32. Rd3 Bb6 33. Kf3 Kg7
34. Ke2 Kf6 35. f4 Kg7 36. Kf3 Rc7 37. Rd6 Bc5 38. Rd8 a6 39. bxa6 Rxc6 40. a7
Bxa7 41. Rd7+ Kf6 42. Rxa7 Rc3 43. Ra6+ Kg7 44. Rd6 Ra3 45. Ke2 Kf7 46. Rd3 Ra2+
47. Kf3 Ra4 48. Rd5 Ra3 49. Re5 Rb3 50. Ra5 Rc3 51. Ra2 Rb3 52. Ke2 Kf6 53. Kf2
Rc3 54. Re2 Rc4 55. Re1 Ra4 56. Ke2 Ra2+ 57. Kf3 1/2-1/2

[Event "21st ch-EUR Indiv w 2021"]
[Site "Iasi ROU"]
[Date "2021.08.17"]
[Round "8.23"]
[White "Gajcin, Marina"]
[Black "Zimina, Olga"]
[Result "0-1"]
[WhiteTitle "WIM"]
[BlackTitle "IM"]
[WhiteElo "2219"]
[BlackElo "2345"]
[WhiteFideId "949086"]
[BlackFideId "4132190"]
[EventDate "2021.08.09"]

1. e4 c6 2. Nf3 d5 3. Nc3 dxe4 4. Nxe4 Nf6 5. Qe2 Nxe4 6. Qxe4 Qd5 7. Qh4 Qe6+
8. Be2 Qg6 9. O-O Qxc2 10. Bc4 Qf5 11. d4 e6 12. Qg3 Nd7 13. Re1 Nb6 14. b3 Qg6
15. Qc7 Nxc4 16. bxc4 Bb4 17. Re3 Qc2 18. h3 O-O 19. c5 b6 20. a3 Ba5 21. Qxc6
Ba6 22. Ne1 Qc4 23. Bb2 Qf1+ 24. Kh2 Qxf2 25. Qe4 bxc5 26. Nc2 Rab8 27. Bc3 Bb7
28. Qg4 Bc7+ 29. Kh1 Qxc2 30. dxc5 Qg6 31. Qe2 Bf4 32. Rd3 Ba6 0-1

[Event "21st ch-EUR Indiv w 2021"]
[Site "Iasi ROU"]
[Date "2021.08.17"]
[Round "8.24"]
[White "Sliwicka, Alicja"]
[Black "Kazarian, Anna-Maja"]
[Result "1-0"]
[WhiteTitle "WIM"]
[BlackTitle "FM"]
[WhiteElo "2306"]
[BlackElo "2096"]
[WhiteFideId "1150677"]
[BlackFideId "1033689"]
[EventDate "2021.08.09"]

1. e4 e6 2. Nf3 d5 3. Nc3 Nf6 4. e5 Nfd7 5. d4 c5 6. dxc5 Bxc5 7. Bd3 Nc6 8. Bf4
f6 9. exf6 Qxf6 10. Bg3 O-O 11. O-O Nd4 12. Nxd4 Bxd4 13. Qd2 Ne5 14. Rad1 Nc6
15. Nb5 Bb6 16. c4 Ne5 17. cxd5 exd5 18. Bc2 Be6 19. Qe2 Nc6 20. Nc7 Bxc7 21.
Bxc7 Rac8 22. Bg3 Rfe8 23. Qd2 b5 24. Rfe1 g6 25. Bd3 a6 26. a4 Bg4 27. f3 Rxe1+
28. Rxe1 Bf5 29. Bf2 bxa4 30. Bxa6 Rd8 31. Bb6 Rd6 32. Bc5 Rd8 33. Bb5 d4 34.
Bxa4 Ne5 35. Qa5 Rc8 36. Bb3+ Be6 37. Be7 Nxf3+ 38. gxf3 Qxe7 39. Bxe6+ 1-0

[Event "21st ch-EUR Indiv w 2021"]
[Site "Iasi ROU"]
[Date "2021.08.17"]
[Round "8.25"]
[White "Antova, Gabriela"]
[Black "Zeliantsova, Kseniya"]
[Result "1-0"]
[WhiteTitle "FM"]
[BlackTitle "WFM"]
[WhiteElo "2292"]
[BlackElo "1970"]
[WhiteFideId "2915235"]
[BlackFideId "13512617"]
[EventDate "2021.08.09"]

1. d4 Nf6 2. c4 c5 3. d5 g6 4. Nc3 d6 5. e4 Bg7 6. Be2 O-O 7. h4 e6 8. h5 exd5
9. exd5 Re8 10. h6 Bh8 11. Bg5 a6 12. Kf1 b5 13. cxb5 axb5 14. Bxb5 Ba6 15. Bxa6
Nxa6 16. Qf3 Nb4 17. Nge2 Re5 18. Bf4 Re8 19. g3 Qe7 20. Kg2 Nfxd5 21. Nxd5 Nxd5
22. Qxd5 Qxe2 23. Rae1 Qa6 24. Bxd6 Bxb2 25. Rxe8+ Rxe8 26. Rb1 Qe2 27. Bxc5 Bf6
28. Bd4 Bg5 29. Bc3 Bxh6 30. Re1 Qxe1 31. Bxe1 Rxe1 32. Qd8+ Bf8 33. a4 Ra1 34.
a5 h6 35. Qb6 Kh7 36. a6 Bc5 37. Qxc5 Rxa6 38. Qf8 Rf6 39. f3 g5 40. Kf2 Rf5 41.
Ke3 Kg6 42. Qg8+ Kf6 43. Qh7 Rb5 44. Qxh6+ Ke7 45. Ke4 Rc5 46. Qb6 Rc1 47. Kf5
Rd1 48. Qb4+ Rd6 49. Kxg5 Ke6 50. Qxd6+ 1-0

[Event "21st ch-EUR Indiv w 2021"]
[Site "Iasi ROU"]
[Date "2021.08.17"]
[Round "8.26"]
[White "Toncheva, Nadya"]
[Black "Cosma, Elena-Luminita"]
[Result "0-1"]
[WhiteTitle "FM"]
[BlackTitle "WGM"]
[WhiteElo "2156"]
[BlackElo "2311"]
[WhiteFideId "2924056"]
[BlackFideId "1201590"]
[EventDate "2021.08.09"]

1. d4 d5 2. c4 e6 3. Nc3 Nf6 4. cxd5 exd5 5. Bg5 Be7 6. e3 Nbd7 7. Bd3 Nf8 8.
Qc2 Ne6 9. Bxf6 Bxf6 10. f4 g6 11. O-O-O Ng7 12. Nf3 c6 13. Ne5 O-O 14. Rdg1 c5
15. g4 cxd4 16. exd4 Ne6 17. g5 Nxd4 18. Qf2 Bxe5 19. fxe5 Nf5 20. h4 Be6 21. h5
Qb6 22. Qxb6 axb6 23. Bxf5 Bxf5 24. Rh4 gxh5 25. a3 Rfe8 26. Re1 Rac8 27. Kd2
Bg4 28. Nb5 Re6 29. Nd6 Rc7 30. Kd3 Rce7 31. Kd4 Rxd6 32. exd6 Rxe1 33. Rxg4 Re6
34. d7 Rd6 35. Rh4 Rxd7 36. Rxh5 Rd6 37. Ke5 Rc6 38. Rh2 Kg7 39. b4 Rg6 40. Kf5
d4 41. Rd2 Rd6 42. Ke5 Rd7 43. a4 d3 0-1

[Event "21st ch-EUR Indiv w 2021"]
[Site "Iasi ROU"]
[Date "2021.08.17"]
[Round "8.27"]
[White "Chernyak, Viktoria"]
[Black "Semenova, Elena1"]
[Result "0-1"]
[WhiteTitle "WGM"]
[BlackTitle "WIM"]
[WhiteElo "2319"]
[BlackElo "2212"]
[WhiteFideId "24165956"]
[BlackFideId "24125148"]
[EventDate "2021.08.09"]

1. c4 e6 2. Nf3 f5 3. g3 Nf6 4. Bg2 d5 5. d4 c6 6. O-O Bd6 7. b3 Qe7 8. Bb2 O-O
9. Qc1 b5 10. Nbd2 bxc4 11. bxc4 a5 12. Rb1 Ba6 13. Re1 Ne4 14. cxd5 cxd5 15.
Nxe4 fxe4 16. Ne5 Rc8 17. Qe3 Nc6 18. Rec1 Nxe5 19. dxe5 Bc5 20. Qd2 Rf8 21. Bd4
Bxd4 22. Qxd4 Bxe2 23. Rb6 Rac8 24. Re1 Bg4 25. h3 Bf5 26. Bf1 Rc2 27. a4 h5 28.
Rd6 Qc7 29. Kg2 Bxh3+ 30. Kxh3 Rfxf2 31. Kh4 Qe7+ 32. Kxh5 Rf5+ 33. Kg4 Qg5+ 0-1

[Event "21st ch-EUR Indiv w 2021"]
[Site "Iasi ROU"]
[Date "2021.08.17"]
[Round "8.28"]
[White "Makropoulou, Marina"]
[Black "Heinemann, Josefine"]
[Result "0-1"]
[WhiteTitle "WGM"]
[BlackTitle "WGM"]
[WhiteElo "2186"]
[BlackElo "2296"]
[WhiteFideId "4200187"]
[BlackFideId "12900460"]
[EventDate "2021.08.09"]

1. e4 c5 2. Nf3 d6 3. Bb5+ Nd7 4. d4 cxd4 5. Qxd4 a6 6. Bxd7+ Bxd7 7. Nc3 e5 8.
Qd3 h6 9. O-O Nf6 10. Nd2 b5 11. Rd1 Be7 12. a4 O-O 13. Nf1 b4 14. Ne2 Bc6 15.
Neg3 d5 16. Nf5 Nxe4 17. N1g3 Bc5 18. Be3 Bxe3 19. Qxe3 Nxg3 20. Qxg3 Qf6 21.
Ne3 Qe6 22. Ng4 Rae8 23. Re1 e4 24. f4 Bd7 25. Ne5 Bc8 26. h3 f6 27. Ng6 Rf7 28.
Kh2 d4 29. Rad1 Rd7 30. Nh4 Rdd8 31. Kh1 Qf7 32. f5 Re5 33. Qf2 Qd5 34. Ng6 Ree8
35. Rf1 e3 36. Qe2 Bxf5 37. Nf4 Qe4 38. Qh5 Bc8 39. Rde1 Qxc2 40. Qf3 Qe4 41.
Qg3 Qe5 42. Qg6 Bf5 0-1

[Event "21st ch-EUR Indiv w 2021"]
[Site "Iasi ROU"]
[Date "2021.08.17"]
[Round "8.29"]
[White "Mamedjarova, Zeinab"]
[Black "Gvanceladze, Anna"]
[Result "1/2-1/2"]
[WhiteTitle "WGM"]
[BlackTitle "WFM"]
[WhiteElo "2272"]
[BlackElo "2182"]
[WhiteFideId "13401521"]
[BlackFideId "4113721"]
[EventDate "2021.08.09"]

1. Nf3 d5 2. g3 Nf6 3. Bg2 c6 4. O-O Bf5 5. d3 e6 6. Nh4 Bg4 7. Nd2 Be7 8. Qe1
Nfd7 9. Nhf3 Na6 10. e4 O-O 11. a3 Qc7 12. h3 Bh5 13. Nh2 dxe4 14. Nxe4 Nac5 15.
f4 f5 16. Nd2 Bf6 17. g4 Bf7 18. Nc4 Rae8 19. Nf3 fxg4 20. hxg4 e5 21. Ncxe5
Nxe5 22. fxe5 Bxe5 23. Nxe5 Rxe5 24. Qf2 Qe7 25. Bf4 Bd5 26. Qg3 Bxg2 27. Bxe5
Rxf1+ 28. Rxf1 Bxf1 29. Kxf1 Nd7 30. Bd4 c5 31. Bf2 b6 32. Qf3 h6 33. b4 Nf6 34.
bxc5 bxc5 35. Qc6 Qd7 36. Qxd7 Nxd7 37. Ke2 Kf7 38. c4 a6 39. a4 Ke6 40. a5 Kd6
41. Bg3+ Ne5 42. Bf4 Ke6 43. Be3 Nd7 44. Kf3 Ke5 45. Bc1 Kd6 46. Ke4 Ke6 47. Bb2
g6 48. Bc1 h5 49. gxh5 gxh5 50. Bg5 Ne5 51. Bf4 Nc6 52. Be3 Kd6 53. Bf4+ Ke6 54.
Be3 Kd6 55. Bf4+ Ke6 56. Be3 1/2-1/2

[Event "21st ch-EUR Indiv w 2021"]
[Site "Iasi ROU"]
[Date "2021.08.17"]
[Round "8.30"]
[White "Havanecz, Bianka"]
[Black "Ilyuchyk, Yana"]
[Result "0-1"]
[WhiteTitle "WIM"]
[BlackTitle "WFM"]
[WhiteElo "2257"]
[BlackElo "2097"]
[WhiteFideId "704814"]
[BlackFideId "13508407"]
[EventDate "2021.08.09"]

1. d4 Nf6 2. c4 g6 3. Nc3 Bg7 4. e4 d6 5. Bd3 O-O 6. Nge2 e5 7. d5 a5 8. O-O Na6
9. Bc2 Nc5 10. b3 Ng4 11. h3 Nh6 12. Rb1 f5 13. f4 exf4 14. Bxf4 g5 15. Bh2 f4
16. a3 Be5 17. Nb5 Bd7 18. Nbd4 Qf6 19. b4 axb4 20. axb4 Na6 21. Qd3 Kh8 22. Rf2
Rg8 23. Kh1 Raf8 24. Rff1 Qg6 25. Qd2 Rf6 26. Bd3 Rgf8 27. Rbc1 Qh5 28. c5 f3
29. Nxf3 Bxh3 30. Bxe5 dxe5 31. Ng3 Qg4 32. Nf5 Nxf5 33. exf5 Nxb4 34. Nxe5
Bxg2+ 35. Qxg2 Rh6+ 36. Kg1 Qd4+ 37. Rf2 Nxd3 38. Nxd3 Qxd3 39. Qf3 Rh3 40. Qxd3
Rxd3 41. Rb2 Rxd5 42. Rxb7 Rf7 43. c6 Kg7 44. Ra7 Rdxf5 45. Rd1 Rc5 0-1

[Event "21st ch-EUR Indiv w 2021"]
[Site "Iasi ROU"]
[Date "2021.08.17"]
[Round "8.31"]
[White "Grigorieva, Yulia"]
[Black "Eric, Jovana"]
[Result "0-1"]
[WhiteTitle "WFM"]
[BlackTitle "WGM"]
[WhiteElo "2140"]
[BlackElo "2254"]
[WhiteFideId "34104868"]
[BlackFideId "938238"]
[EventDate "2021.08.09"]

1. e4 c5 2. Nf3 d6 3. Bb5+ Nc6 4. O-O Bd7 5. Re1 Nf6 6. c3 a6 7. Bf1 Bg4 8. h3
Bh5 9. g4 Bg6 10. d4 cxd4 11. cxd4 e5 12. Nc3 Be7 13. d5 Nb8 14. Be3 Nbd7 15.
Nd2 h5 16. Be2 hxg4 17. hxg4 Nh7 18. Kg2 b5 19. Bf3 Bg5 20. Bxg5 Qxg5 21. Rh1
O-O 22. Qe2 Rac8 23. a3 Nc5 24. Rae1 Qf4 25. b4 Nb3 26. Nxb3 Rxc3 27. Rxh7 Bxh7
28. Na5 Rxa3 29. Nc6 Re8 30. Qd1 Rc3 31. Qe2 Rc4 32. Kg1 Qg5 33. Bg2 Bg6 34. f3
Ra8 35. Qb2 f5 36. exf5 Bf7 37. Rd1 Qe3+ 38. Kf1 Re8 39. Qa2 Rxc6 40. g5 Rc1 0-1

[Event "21st ch-EUR Indiv w 2021"]
[Site "Iasi ROU"]
[Date "2021.08.17"]
[Round "8.32"]
[White "Narva, Triin"]
[Black "Krasteva, Beloslava"]
[Result "1-0"]
[WhiteTitle "WFM"]
[BlackTitle "FM"]
[WhiteElo "2100"]
[BlackElo "2243"]
[WhiteFideId "4502680"]
[BlackFideId "2922029"]
[EventDate "2021.08.09"]

1. e4 c5 2. c3 d5 3. exd5 Qxd5 4. d4 Nf6 5. Nf3 e6 6. Na3 a6 7. Nc4 Nbd7 8. Be2
Qc6 9. O-O Qc7 10. g3 Nd5 11. Ne3 N7f6 12. Nxd5 Nxd5 13. c4 Nf6 14. dxc5 Bxc5
15. b4 Be7 16. Bf4 Qb6 17. a3 O-O 18. Qc2 Bd7 19. Ne5 Bc6 20. c5 Qd8 21. Nxc6
bxc6 22. Bf3 Nd5 23. Rfd1 Qc8 24. Bxd5 cxd5 25. Rab1 f6 26. Be3 Rd8 27. c6 e5
28. Bb6 Rd6 29. Rbc1 d4 30. a4 Rb8 31. Qc4+ Kh8 32. Ba5 Ra8 33. c7 Rd7 34. Qc6
h5 35. Qxa8 Qxa8 36. c8=Q+ Qxc8 37. Rxc8+ Kh7 38. b5 axb5 39. axb5 Rd5 40. Rb8
d3 41. Bd2 1-0

[Event "21st ch-EUR Indiv w 2021"]
[Site "Iasi ROU"]
[Date "2021.08.17"]
[Round "8.33"]
[White "Ciolacu, Alessia-Mihaela"]
[Black "Pavlidou, Ekaterini"]
[Result "1/2-1/2"]
[WhiteTitle "WFM"]
[BlackTitle "WIM"]
[WhiteElo "2241"]
[BlackElo "2136"]
[WhiteFideId "1252640"]
[BlackFideId "4213262"]
[EventDate "2021.08.09"]

1. d4 Nf6 2. c4 e6 3. g3 c5 4. d5 exd5 5. cxd5 d6 6. Nc3 g6 7. Bg2 Bg7 8. Nf3
O-O 9. O-O a6 10. a4 Nbd7 11. Nd2 Ne8 12. Nc4 Rb8 13. Bf4 Nb6 14. Nxb6 Qxb6 15.
Qd2 Qb4 16. Rfb1 Bf5 17. e4 Bd7 18. Bg5 f6 19. Be3 f5 20. Qc2 Bd4 21. Bxd4 cxd4
22. Ne2 fxe4 23. Bxe4 Nf6 24. Bxg6 hxg6 25. Qxg6+ Kh8 26. Nf4 Nh7 27. Re1 Bf5
28. Qh5 Qxb2 29. g4 Be4 30. Rxe4 Qxa1+ 31. Kg2 Rxf4 32. Rxf4 Rg8 33. h4 Qxa4 34.
g5 Qc2 35. Rf6 Qe4+ 36. f3 Qe2+ 37. Kh3 Qf1+ 38. Kg4 Qg2+ 39. Kf5 Qh3+ 40. Ke4
Rxg5 41. Rf8+ Rg8 42. Rf7 Rg7 43. Rf8+ Rg8 44. Rf7 Rg7 45. Rf8+ 1/2-1/2

[Event "21st ch-EUR Indiv w 2021"]
[Site "Iasi ROU"]
[Date "2021.08.17"]
[Round "8.34"]
[White "Urh, Zala"]
[Black "Nilssen, Ellen Fredericia"]
[Result "1-0"]
[WhiteTitle "WIM"]
[BlackTitle "WFM"]
[WhiteElo "2216"]
[BlackElo "2081"]
[WhiteFideId "14611481"]
[BlackFideId "1441230"]
[EventDate "2021.08.09"]

1. d4 d5 2. Nf3 Nf6 3. Bf4 e6 4. e3 c5 5. c3 Nc6 6. Nbd2 Bd6 7. Bg3 O-O 8. Bd3
b6 9. Ne5 Bb7 10. f4 Nd7 11. Qh5 f5 12. Bh4 Nf6 13. Qe2 Qe8 14. Bxf6 gxf6 15.
Nxc6 Bxc6 16. g4 fxg4 17. Qxg4+ Kh8 18. Bxh7 Qe7 19. Bg6 Rg8 20. Rg1 Rg7 21.
Qh5+ Kg8 22. Kf2 e5 23. Bh7+ Kf8 24. Rxg7 Qxg7 25. Rg1 Qf7 26. Qh6+ Ke7 27. Rg7 1-0

[Event "21st ch-EUR Indiv w 2021"]
[Site "Iasi ROU"]
[Date "2021.08.17"]
[Round "8.35"]
[White "Mkrtchyan, Mariam"]
[Black "Efroimski, Marsel"]
[Result "1-0"]
[WhiteTitle "WFM"]
[BlackTitle "IM"]
[WhiteElo "2093"]
[BlackElo "2446"]
[WhiteFideId "13310828"]
[BlackFideId "2810964"]
[EventDate "2021.08.09"]

1. g3 d5 2. Bg2 e5 3. d3 Nf6 4. Nf3 Nbd7 5. O-O Bc5 6. Nxe5 Bxf2+ 7. Rxf2 Nxe5
8. h3 Be6 9. Bf4 Ng6 10. Nd2 Qd7 11. Qf1 O-O-O 12. e4 Nh5 13. Kh2 d4 14. Qe2
Nhxf4 15. gxf4 f5 16. e5 Ne7 17. Nb3 Qb5 18. c4 dxc3 19. bxc3 Bxb3 20. axb3 Qxd3
21. Qxd3 Rxd3 22. Rxa7 Rhd8 23. Bxb7+ Kb8 24. Rfa2 c6 25. Ra8+ Kc7 26. Rxd8 Rxd8
27. Ba6 Ra8 28. Ra4 Rd8 29. Rb4 Rd2+ 30. Kg3 Ra2 31. Rb7+ Kd8 32. Bf1 Rc2 33. c4
Rc1 34. Kf2 h5 35. b4 g6 36. Be2 Rc3 37. e6 Rxh3 38. b5 cxb5 39. cxb5 Rc3 40. b6
Rc6 41. Bb5 Rc2+ 42. Ke1 Nc6 43. Rd7+ Kc8 44. Rc7+ Kb8 45. Bxc6 1-0